| 000 | 03084nam a22004097a 4500 | ||
|---|---|---|---|
| 005 | 20080806125525.0 | ||
| 008 | 080806t xxu||||| |||| 00| 0 eng d | ||
| 010 | _aB-331157-167 | ||
| 020 |
_a9780590568906 _c95.00 |
||
| 020 |
_a0590568906 _c95.00 |
||
| 035 | _aB-331157-167 | ||
| 035 | _aB-358589 | ||
| 037 | _bThe wise owl | ||
| 040 |
_aDPL _bEnglish |
||
| 082 | _aS | ||
| 100 | _aStine, R.L. | ||
| 245 |
_aChicken chicken / _cby R.L. Stine |
||
| 260 |
_bScholastic India _c2008 (repr.) _aGurgaon |
||
| 270 |
_a550 A, Pace City-II, Sector - 37, _bGurgaon _e122004 _k2212432 |
||
| 300 |
_a112p. _c19cm. (pbk) |
||
| 490 | _aGoosebumps - 53 | ||
| 942 |
_cCH _2ddc _mSTI _hS |
||
| 999 |
_c21335 _d21335 |
||